Stolice - Australia i Oceania - Statystyki

Ogólne statystyki
  • Ten quiz został rozwiązany 789 razy
  • Średni wynik to 8 z 14
Statystyki odpowiedzi
Kraj Stolica % Poprawnych
Australia Canberra
96%
Nowa Zelandia Wellington
82%
Fidżi Suva
75%
Papua nowa gwinea Port Moresby
68%
Nauru Yaren
59%
Wyspy Salomona Honiara
58%
Samoa Apia
56%
Mikronezja Palikir
56%
Vanuatu Port Vila
55%
Tonga Nuku'Alofa
54%
Kiribati Tarawa
50%
Palau Ngerulmud
49%
Wyspy Marshalla Majuro
46%
Tuvalu Funafuti
39%
Nie znaleziono quizów pasujących do podanych kryteriów
Rozkład punktacji
Procent ludzi z każdym wynikiem
Percentyl według liczby udzielonych odpowiedzi
Twoja historia wyników
Nie rozwiązałeś tego quizu